Catálogo
 En Linea

O fio da meada: de onde vem a mudança? : (Registro nro. 43999)

Detalles MARC
000 -CABECERA
campo de control de longitud fija 00615nam a2200145 a 4500
001 - NÚMERO DE CONTROL
campo de control 000044510
005 - FECHA Y HORA DE LA ÚLTIMA TRANSACCIÓN
campo de control 20201002045427.0
008 - DATOS DE LONGITUD FIJA--INFORMACIÓN GENERAL
campo de control de longitud fija 140703s2005 bl abc 000 0 spa d
020 ## - NÚMERO INTERNACIONAL ESTÁNDAR DEL LIBRO
Número Internacional Estándar del Libro 8575960571
040 ## - FUENTE DE LA CATALOGACIÓN
Centro catalogador/agencia de origen DO-SdBNP
Lengua de catalogación spa
Centro/agencia transcriptor BNPHU
082 ## - NÚMERO DE LA CLASIFICACIÓN DECIMAL DEWEY
Número de clasificación xxxx
Número de documento/Ítem xxxx
245 00 - MENCIÓN DE TÍTULO
Título O fio da meada: de onde vem a mudança? :
Resto del título reflexôes sobre desenvolvimento local /
Mención de responsabilidad, etc. [organizaçâo Maristela Bernardo e Lidiane Melo] ; apresentaçâo María José Gontijo, Alton Dias.
260 ## - PUBLICACIÓN, DISTRIBUCIÓN, ETC.
Lugar de publicación, distribución, etc. Sâo Paulo, Brasil :
Nombre del editor, distribuidor, etc. Peirópolis,
-- Instituto Internacional de Educaçâo do Brasil,
Fecha de publicación, distribución, etc. 2005.
300 ## - DESCRIPCIÓN FÍSICA
Extensión 407 p. :
Otras características físicas il., mapas, retrs. ;
Dimensiones 25 cm.
Existencias
Estado de retiro Estado de pérdida Restricciones de uso No para préstamo Código de colección Localización permanente Ubicación/localización actual Ubicación en estantería Fecha de adquisición Número de inventario Total de préstamos Signatura topográfica completa Código de barras Fecha visto por última vez Precio válido a partir de Tipo de ítem Koha
      Excluido de préstamo Monografías: Libros y Folletos General General En catalogación 03.07.2014 LF1   xxxx xxxx 44510-10 25.06.2020 25.06.2020 No se presta
        Monografías: Libros y Folletos General General Orden iniciada 03.07.2014 LF1   xxxx xxxx 44511-10 25.06.2020 25.06.2020 No se presta

Con tecnología Koha